Recognized Languages of Russia - Statistics

General Stats
  • This quiz has been taken 76 times
  • The average score is 18 of 40
Answer Stats
Language % Correct
118m Russian
100%
4.2m Tatar
92%
1.1m Ukrainian
83%
1.3m Chechen
79%
563k Kazakh
79%
14k Karelian
64%
451k Ossetian
59%
450k Yakut
59%
1.1m Bashkir
58%
128k Adyghe
55%
1.1m Chuvash
55%
228k Crimean Tatar
55%
80k Kalmyk
53%
280k Tuvan
53%
324k Udmurt
52%
51k Finnish
50%
305k Ingush
50%
470k Mari
50%
590k Kabardian
48%
63k Komi-Permyak
48%
160k Komi-Zyrian
48%
31k Nenets
45%
265k Buryat
42%
55k Altai
41%
800k Avar
39%
305k Karachay-Balkar
36%
130k Moksha
36%
8k Chukchi
29%
36k Erzya
29%
14k Khanty
29%
3k Mansi
29%
87k Nogai
29%
43k Khakas
27%
5k Even
24%
1k Veps
24%
16k Evenki
20%
37k Abaza
15%
2k Selkup
15%
320 Yukaghir
12%
930 Dolgan
9%
No matching quizzes found
Score Distribution
Percent of People with Each Score
Percentile by Number Answered
Your Score History
You have not taken this quiz